Word Ladder: Costa Rica Quiz Stats

 Plays Quiz Updated Apr 13, 2015

Challenge
Share
Tweet
Embed
Score 0/24 Timer 02:00
0 Plays Today
Hint 4-Letter Word % Correct
Content cat soundPURR
96.2%
NakedBARE
94.2%
Disney target audienceKIDS
93.7%
Good toy for a windy dayKITE
92.6%
Actress BlanchettCATE
90.7%
Roseanne of 90s televisionBARR
90.2%
Baby foxesKITS
89.4%
Raymond who portrayed Perry MasonBURR
88.8%
Affordable ____ ActCARE
88%
Use someone as a sourceCITE
86.4%
RemedyCURE
86.1%
Suffix with flat or silverWARE
80.9%
Hint 4-Letter Word % Correct
Send funds directly to someone's bank accountWIRE
80.6%
Favorable Facebook actionLIKE
80.4%
Penny ____ and pound foolishWISE
79.1%
Along with [Rung 24], literal translation of Costa Rican
phrase
PURE
77.1%
Workbench clamping toolVISE
76.8%
Throw upPUKE
72.8%
'It's everywhere you want to be'VISA
69%
Captain Kirk's predecessorPIKE
65.3%
Along with [Rung 20], literal translation of Costa Rican
phrase
LIFE
46%
Along with [Rung 1], phrase that reflects the Costa Rican way of lifeVIDA
43.5%
Award-winning Radiohead album of 2000KID A
40.9%
Along with [Rung 11], phrase that reflects the Costa Rican way of lifePURA
38.6%

Today's Daily Dose

Missing Word
Entertainment 'L'

Word Ladder
Fingers

Quick Pick
When in Rome

On This Day
December 15th II

You're not logged in!

Compare scores with friends on all Sporcle quizzes.
OR
Log In

You Might Also Like...

Show Comments

Extras

Top Quizzes Today


Score Distribution

Your Account Isn't Verified!

In order to create a playlist on Sporcle, you need to verify the email address you used during registration. Go to your Sporcle Settings to finish the process.

Report this User

Report this user for behavior that violates our Community Guidelines.

Details: